Cajal : (Record no. 94371)

MARC details
000 -LEADER
campo de control de longitud fija 00850nam a2200241 i 4500
001 - NÚMERO DE CONTROL
campo de control 94371
003 - IDENTIFICADOR DE NÚMERO DE CONTROL
campo de control ES-MaACL
005 - FECHA Y HORA DE LA ÚLTIMA TRANSACCIÓN
campo de control 20250627063639.0
007 - CAMPO FIJO DE DESCRIPCIÓN FÍSICA--INFORMACIÓN GENERAL
campo de control de longitud fija t|
008 - DATOS DE LONGITUD FIJA--INFORMACIÓN GENERAL
campo de control de longitud fija 050428s1954 sp ||||1| spa d
100 1# - ENTRADA PRINCIPAL--NOMBRE DE PERSONA
Nombre de persona Lorén, Santiago,
Fechas asociadas al nombre 1918-2010
9 (RLIN) 74093
245 10 - MENCIÓN DEL TÍTULO
Título Cajal :
Resto del título historia de un hombre /
Mención de responsabilidad, etc. Santiago Lorén ; prólogo de los doctores Pedro Laín Entralgo y Julián Sanz Ibáñez.
250 ## - MENCION DE EDICION
Mención de edición 1ª ed.
260 ## - PUBLICACIÓN, DISTRIBUCIÓN, ETC.
Lugar de publicación, distribución, etc. Barcelona :
Nombre del editor, distribuidor, etc. Aedos,
Fecha de publicación, distribución, etc. 1954.
300 ## - DESCRIPCIÓN FÍSICA
Extensión 307 p., XV lám. ;
Dimensiones 22 cm.
490 1# - MENCIÓN DE SERIE
Mención de serie Biblioteca biográfica
600 14 - PUNTO DE ACCESO ADICIONAL DE MATERIA--NOMBRE DE PERSONA
Nombre de persona Ramón y Cajal, Santiago,
Fechas asociadas al nombre 1852-1934-
Subdivisión general Biografías
9 (RLIN) 95228
700 1# - ENTRADA AGREGADA--NOMBRE PERSONAL
Nombre de persona Laín Entralgo, Pedro,
Fechas asociadas al nombre 1908-2001
9 (RLIN) 69681
700 1# - ENTRADA AGREGADA--NOMBRE PERSONAL
Nombre de persona Sanz Ibáñez, Julián,
Fechas asociadas al nombre 1904-1963
9 (RLIN) 103650
830 1# - PUNTO DE ACCESO ADICIONAL DE SERIE-TÍTULO UNIFORME
Título uniforme Biblioteca biográfica
9 (RLIN) 181197
852 4# - LOCALIZACIÓN
Ubicación ES-MaACL
Número de control de estantería C-8317
Holdings
Estatus retirado Estado de pérdida Estado de daño No para préstamo Biblioteca de origen Biblioteca actual Ubicación en estantería Fecha de adquisición Fuente de adquisición Total de préstamos Signatura topográfica completa Código de barras Visto por última vez Precio de reemplazo Tipo de ítem Koha
        Biblioteca del Ateneo de Madrid Biblioteca del Ateneo de Madrid Sala Palomar 17/01/2008     C-8317 1098563 23/02/2023 23/02/2023 Libro impreso